000 00314nam a22001337a 4500
008 171023b xxu||||| |||| 00| 0 eng d
020 _a9780132750257
041 _aeng
080 _26 ED
_a338
100 _a54
101 _aMEN
245 _aOPERATIONS RESEARCH AM INTRODUCTION
_cTAHA.H.A
942 _2udc
_cBK
999 _c35408
_d35408